東急目黒線駅名 - Statistics

General Stats
  • This quiz has been taken 55 times
  • The average score is 12 of 13
Answer Stats
Hint Answer % Correct
MG-01 目黒
100%
MG-13 日吉
98%
MG-03 武蔵小山
96%
MG-06 大岡山
96%
MG-11 武蔵小杉
96%
MG-04 西小山
89%
MG-08 田園調布
89%
MG-09 多摩川
89%
MG-07 奥沢
87%
MG-12 元住吉
87%
MG-05 洗足
85%
MG-02 不動前
83%
MG-10 新丸子
83%
No matching quizzes found
Score Distribution
Percent of People with Each Score
Percentile by Number Answered
Your Score History
You have not taken this quiz